Dzielnice Miast Górnośląsko-Zagłębiowskiej Metropolii - Statystyki

Ogólne statystyki
  • Ten quiz został rozwiązany 349 razy
  • Średni wynik to 50 z 145
Statystyki odpowiedzi
Hint Odpowiedź % Poprawnych
Bytom | Chorzów | Gliwice | +3 others Śródmieście
80%
Zabrze Centrum Północ
75%
Zabrze Centrum Południe
75%
Katowice Ligota (Panewniki)
69%
Gliwice Ligota Zabrska
66%
Chorzów Batory
65%
Katowice Janów-Nikiszowiec
61%
Katowice Załęże
60%
Katowice Dąb
57%
Katowice Szopienice-Burowiec
56%
Bytom Bobrek
55%
Katowice Giszowiec
55%
Bytom Szombierki
55%
Ruda Śląska Halemba
53%
Bytom Karb
52%
Katowice Piotrowice-Ochojec
52%
Bytom Miechowice
51%
Katowice Zawodzie
51%
Ruda Śląska Nowy Bytom
50%
Katowice Załęska Hałda-Brynów
50%
Katowice Koszutka
49%
Ruda Śląska Wirek
49%
Katowice Brynów-Osiedle Zgrzebnioka
48%
Ruda Śląska Chebzie
48%
Bytom Stroszek
48%
Chorzów Chorzów Stary
47%
Ruda Śląska Kochłowice
45%
Gliwice Łabędy
45%
Bytom Łagiewniki
45%
Zabrze Mikulczyce
45%
Ruda Śląska Ruda
45%
Gliwice Sośnica
45%
Katowice Osiedle Tysiąclecia
44%
Katowice Podlesie
44%
Bytom Rozbark
43%
Katowice Wełnowiec
43%
Zabrze Zaborze Północ
43%
Zabrze Zaborze Południe
43%
Ruda Śląska Godula
42%
Katowice Murcki
42%
Katowice Bogucice
41%
Dąbrowa Górnicza Gołonóg
40%
Katowice Kostuchna
40%
Katowice Muchowiec (Os. Paderewskiego)
40%
Sosnowiec Środula
40%
Bytom Stolarzowice
40%
Zabrze Helenka
39%
Sosnowiec Zagórze
39%
Ruda Śląska Bykowina
38%
Bytom Górniki
38%
Zabrze Makoszowy
38%
Zabrze Rokitnica
38%
Ruda Śląska Bielszowice
37%
Zabrze Biskupice
37%
Ruda Śląska Orzegów
37%
Katowice Dąbrówka Mała
36%
Gliwice Trynek
36%
Ruda Śląska Czarny Las
35%
Katowice Osiedle Witosa
35%
Sosnowiec Pogoń
35%
Zabrze Maciejów
34%
Zabrze Guido
33%
Gliwice Kopernik
33%
Sosnowiec Milowice
33%
Zabrze Osiedle Mikołaja Kopernika
33%
Katowice Zarzecze
33%
Zabrze Grzybowice
32%
Chorzów Klimzowiec
32%
Sosnowiec Niwka
32%
Zabrze Pawłów
32%
Zabrze Kończyce
31%
Bytom Sucha Góra
31%
Sosnowiec Kazimierz Górniczy
30%
Tychy Paprocany
30%
Dąbrowa Górnicza Strzemieszyce Małe
30%
Dąbrowa Górnicza Strzemieszyce Wielkie
30%
Gliwice Bojków
29%
Dąbrowa Górnicza Ząbkowice
29%
Bytom Osiedle gen. Jerzego Ziętka
28%
Tychy Wilkowyje
28%
Gliwice Zatorze
28%
Gliwice Stare Gliwice
27%
Chorzów Maciejkowice
26%
Zabrze Osiedle Młodego Górnika
26%
Zabrze Zandka
26%
Tychy Czułów
25%
Sosnowiec Jęzor
25%
Sosnowiec Maczki
25%
Zabrze Osiedle Tadeusza Kotarbińskiego
25%
Gliwice Politechnika
25%
Dąbrowa Górnicza Reden
25%
Gliwice Wilcze Gardło
25%
Gliwice Żerniki
25%
Sosnowiec Klimontów
24%
Tychy Żwaków
24%
Gliwice Czechowice
23%
Sosnowiec Dańdowka
23%
Gliwice Ostropa
23%
Dąbrowa Górnicza Błędów
22%
Tychy Wartogłowiec
22%
Gliwice Wójtowa Wieś
22%
Sosnowiec Porąbka
21%
Gliwice Sikornik
21%
Tychy Stare Tychy
21%
Gliwice Szobiszowice
21%
Tychy Urbanowice
21%
Gliwice Baildona
20%
Sosnowiec Bór
20%
Gliwice Brzezinka
20%
Sosnowiec Ostrowy Górnicze
20%
Sosnowiec Sielec
20%
Sosnowiec Stary Sosnowiec
20%
Tychy Cielmice
19%
Sosnowiec Modrzejów
19%
Gliwice Obrońców Pokoju
19%
Tychy Mąkołowiec
18%
Dąbrowa Górnicza Sikorka
18%
Gliwice Wojska Polskiego
18%
Sosnowiec Dębowa Góra
16%
Chorzów Pniaki
16%
Tychy Suble
16%
Dąbrowa Górnicza Okradzionów
15%
Dąbrowa Górnicza Łazy
14%
Dąbrowa Górnicza Trzebiesławice
14%
Dąbrowa Górnicza Ujejsce
14%
Tychy Wygorzele
14%
Tychy Zwierzyniec
14%
Dąbrowa Górnicza Tucznawa
13%
Dąbrowa Górnicza Łosień
12%
Dąbrowa Górnicza Antoniów
10%
Tychy Glinka
10%
Tychy Jaroszewice
10%
Dąbrowa Górnicza Trzebyczka
10%
Tychy Zawiść
10%
Dąbrowa Górnicza Marianki
9%
Dąbrowa Górnicza Bugaj
7%
Dąbrowa Górnicza Łęka
7%
Tychy Radziejówka
7%
Dąbrowa Górnicza Ratanice
6%
Dąbrowa Górnicza Kuźniczka Nowa
5%
Nie znaleziono quizów pasujących do podanych kryteriów
Rozkład punktacji
Procent ludzi z każdym wynikiem
Percentyl według liczby udzielonych odpowiedzi
Twoja historia wyników
Nie rozwiązałeś tego quizu